000
00213 a2200097 4500
001
2081
100
_a
Wang, C
245
_a
Statically indeterminate structures
260
_a
_b
Mc Graw Hill
_c
090
_c
1537
_d
1537
942
_a
NUST-CAE
_c
M
_c
5969
999
_c
237154
_d
237154